Statistics for Countries by relief Map #1

Click here to take the quiz!

General Stats

  • This quiz has been taken 116 times
  • The average score is 17 of 20

Answer Stats

Answer% Correct
Germany
96%
Spain
96%
Canada
94%
Egypt
94%
Turkey
94%
Mexico
93%
Thailand
93%
Laos
92%
Norway
92%
Sudan
92%
Austria
88%
Cuba
87%
Mongolia
87%
Papua New Guinea
87%
Poland
85%
Georgia
84%
Pakistan
82%
Guatemala
75%
Uganda
73%
Cambodia
58%

Score Distribution

Percentile by Number Answered

Percent of People with Each Score

Your Score History

You have not taken this quiz